蘭陽情緣
| 資料類型: | 圖書 | 書目號: | 46752 |
Leader xxxxxxxxxx 001 __ PCLIS00046752 005 __ 20070608094129.0008 010 0_ |a957-41-4036-9|b平裝|d新臺幣300元 100 __ |a20061023d2005 k y0chib09 e 101 0_ |achi 102 __ |atw 105 __ |aa z 000yy 200 1_ |a蘭陽情緣|e|f李建興著 205 __ |a初版 210 __ |a宜蘭縣三星鄉|c李建興|d民94 215 0_ |a4,189面|c彩圖,地圖,像|d21公分 225 __ |a|v 300 __ |a附錄:本書作者學經歷等三種 681 __ |a856.9|b4017|y95 700 _1 |a李|b建興|c(教育)|4著 702 __ |a|b|4 801 _0 |atw|bNTL|c20070608|gCCR |